Fundamentos de Marketing
Gardado en:
| Main Authors: | , , |
|---|---|
| Formato: | Libro |
| Idioma: | Lingua castelá |
| Publicado: |
Cuernavaca; México, D.F.; México
McGraw-Hill Interamericana
2007
|
| Edición: | Décimocuarta edición |
| Subjects: | |
| Tags: |
Engadir etiqueta
Sen Etiquetas, Sexa o primeiro en etiquetar este rexistro!
|
MARC
| LEADER | 00000cam a2200000 a 4500 | ||
|---|---|---|---|
| 001 | UCE0152 | ||
| 003 | CL-VaPUC | ||
| 005 | 20250224160120.0 | ||
| 008 | 140103e20070000mx |||||||||||||||||spa|d | ||
| 020 | |a 9789701062012 | ||
| 040 | |c Pontificia Universidad Católica de Valparaíso | ||
| 082 | 0 | 4 | |a 658.8 STA 2007 |2 21 |
| 100 | 0 | |a Stanton, William J |e author |9 572572 | |
| 245 | 1 | 0 | |a Fundamentos de Marketing |
| 250 | |a Décimocuarta edición | ||
| 260 | |a Cuernavaca; |a México, D.F.; México |b McGraw-Hill Interamericana |c 2007 | ||
| 300 | |a 741 páginas; |e Incluye CD (Simulación Interactiva) | ||
| 500 | |a Incluye CD | ||
| 583 | |a last modification |c 20140103 12:15:00 |k Rodrigo Vera | ||
| 650 | 0 | |a Planificación estratégica |9 259735 | |
| 650 | 0 | |a Administración de empresas |9 260833 | |
| 650 | 0 | |a Marketing |9 259324 | |
| 650 | 0 | |a Gestión de ventas |9 407932 | |
| 650 | 0 | |a Precios |9 260787 | |
| 700 | 0 | |a Etzel, Michael J |e author |9 572573 | |
| 700 | 0 | |a Walker, Bruce J |e author |9 572574 | |
| 942 | |c BK |2 ddc | ||
| 945 | |d 20140103 12:15:00 |a dcastane | ||
| 999 | |c 354427 |d 354425 | ||
| 952 | |0 0 |1 0 |3 erb |4 0 |6 658_800000000000000_STA_2007 |7 0 |8 A |9 460294 |a BIBCUR |b BIBCUR |i 5039185 |l 1 |o 658.8 STA 2007 |p 5039185 |r 2025-04-22 |s 2024-04-08 |w 2019-11-23 |y BK |z Catalogado en:20140103 |k PER | ||
| 952 | |0 0 |1 0 |2 ddc |4 0 |6 658_800000000000000_STA_2007 |7 0 |8 A |9 577838 |a BIBALI |b BIBALI |c RES |d 2021-05-20 |e 14 |g 64320.00 |i 5583136 |o 658.8 STA 2007 |p 5583136 |r 2025-01-20 |t 2 |v 64320.00 |w 2021-05-20 |y BK_R |k ALI | ||
| 952 | |0 0 |1 0 |2 ddc |4 0 |6 658_800000000000000_STA_2007 |7 0 |8 A |9 577839 |a BIBALI |b BIBALI |c RES |d 2021-05-20 |e 14 |g 64320.00 |i 5583144 |o 658.8 STA 2007 |p 5583144 |r 2025-01-20 |t 3 |v 64320.00 |w 2021-05-20 |y BK_R |k ALI | ||
| 952 | |0 0 |1 0 |2 ddc |4 0 |6 658_800000000000000_STA_2007 |7 0 |8 A |9 577840 |a BIBALI |b BIBALI |c RES |d 2021-05-20 |e 14 |g 64320.00 |i 5583152 |l 3 |o 658.8 STA 2007 |p 5583152 |r 2025-01-20 |s 2021-09-24 |t 4 |v 64320.00 |w 2021-05-20 |y BK_R |k ALI | ||